| 000 | 00532nam a2200169Ia 4500 | ||
|---|---|---|---|
| 008 | 140609s9999 xx 000 0 und d | ||
| 020 | _a9789719473602 | ||
| 050 |
_aKPM 3466 _b.V836 2010 |
||
| 100 | _aVitug, Marites Dañguilan. | ||
| 245 |
_aShadow of doubt : _bprobing the Supreme Court / _cMarites Dañguilan Vitug, |
||
| 260 |
_aQuezon, Philippines : _bPublic Trust Media Group, _cc2010. |
||
| 300 |
_a267 p. : _bill. ; _c24 cm. |
||
| 500 | _aIncludes index. | ||
| 521 | _aGE | ||
| 942 |
_kLOC _cBK |
||
| 999 |
_c118162 _d118162 |
||